| 000 | 00667cam a2200217 a 4500 | ||
|---|---|---|---|
| 001 | 000008893 | ||
| 005 | 20200929161432.0 | ||
| 008 | 860106s1985 nq 000 j spa | ||
| 010 | _a85598022 | ||
| 040 |
_aDO-SdBNP _bspa _dBNPHU |
||
| 082 |
_aN863.44 _bS586c |
||
| 100 | 1 |
_aSilva, Fernándo, _d1927- _923451 |
|
| 245 | 1 | 0 |
_aCuentos / _cFernándo Silva. |
| 260 |
_aManagua, Nicaragua : _bNueva Nicaragua, _c1985. |
||
| 300 |
_a304 p. ; _c20 cm. |
||
| 490 | 1 |
_aLetras de Nicaragua _v14 |
|
| 650 | 4 |
_aCuentos nicaragüenses _99879 |
|
| 650 | 4 |
_aLiteratura nicaragüense _98122 |
|
| 830 | 0 |
_aLetras de Nicaragua ; _n14 _923452 |
|
| 910 | _aValidado. Control de calidad MFF | ||
| 999 |
_c8662 _d8662 |
||